01867cam a22004454i 4500003000900000005001700009008004100026020001500067035002700082040003300109082001700142245018500159264007400344300007300418336002100491337002500512338002300537490006500560504004400625505031200669526000900981526000900990526000900999526000901008526000901017526000901026526000801035526000801043526000801051526000801059526000801067526000801075650005701083650004701140650006901187650006601256700002701322700003501349700003701384PE-LiUPU20250731184530.0150623s1989 xxua rb 000 0 eng d a093146451X a(Sirsi) i9780931464515 aPE-LiUPUbspacPE-LiUPUerda04a933bE3222100aBâb edh-Dhrâ: excavations in the cemetery directed by Paul W. Lapp (1965-67) /cpor R. Thomas Schaub y Walter E. Rast y con contribuciones de Wilton Marion Krogman .. [et al.]. 1aWinona Lake, Indiana :bAmerican Schools of Oriental Research,c1989. a598 páginas :bilustraciones fotos, gráficos ;c29 centímetros atext2rdacontent aunmediated2rdamedia avolume2rdacarrier0 aReports of the expedition to the Dead Sea Plain, Jordan ;v1 aIncluye bibliografía, 03 microfichas.0 aThe discovery of Bâb edh -- Dhrâ and its cemetery -- The tombs of early bronze I -- The tombs of early bronze II and III -- Early bronze IV and miscellaneous tombs and burials -- Human skeletal remains and perishable cultural material from the early bronze age tombs at Bâb edh-Dhrâ -- Conclusions. aP136 aP135 aP134 aP133 aP144 aP143 aP87 aP35 aP20 aP14 aP10 aP0614aEdad de BroncezJordánxSitio de Bāb edh-Dhrā.14aTumbaszJordanxSitio de Bāb edh-Dhrā.24aExcavaciones (Arqueología)zJordanxSitio de Bāb edh-Dhrā.24aExcavaciones (Arqueología)zMar Muerto (Israel y Jordania).1 aLapp, Paul W.,eautor.1 aRast, Walter E.1930-,eeditor.1 aSchaub, R. Thomas1933-,eeditor.